000 00594nam a2200133Ia 4500
008 171212s9999 xx 000 0 und d
020 _a9780874216998
100 _aAdler-Kassner, Linda
245 _cAdler-Kassner, Linda
_aActivist WPA, The
_bChanging Stories About Writing and Writers
260 _bUniversity Press of Colorado
_c2008
650 _aEducation
650 _aEnglish language -- Rhetoric -- Study and teaching -- United States; Report writing -- Study and teaching (Higher) -- United States; Writing centers -- Administration
856 _uwww.jstor.org/stable/10.2307/j.ctt4cgqss
999 _c353024
_d353024